Introduction to fluvial processes / (Record no. 10610)
[ view plain ]
| 000 -LEADER | |
|---|---|
| fixed length control field | 01121nam a2200325 4500 |
| 001 - CONTROL NUMBER | |
| control field | 10610 |
| 003 - CONTROL NUMBER IDENTIFIER | |
| rucl marc code | BD-RjUL |
| 005 - DATE AND TIME OF LATEST TRANSACTION | |
| control field | 20211208235002.0 |
| 008 - FIXED-LENGTH DATA ELEMENTS--GENERAL INFORMATION | |
| fixed length control field | 140125r19711975 enkab b 001 0 eng |
| 020 ## - INTERNATIONAL STANDARD BOOK NUMBER | |
| International Standard Book Number | 0416688201 |
| 035 ## - SYSTEM CONTROL NUMBER | |
| System control number | (BD-RjUL)10658 |
| 040 ## - CATALOGING SOURCE | |
| Original cataloging agency | DLC |
| Transcribing agency | DLC |
| Modifying agency | DLC |
| -- | BD-RjUL |
| Language of cataloging | eng |
| 041 ## - LANGUAGE CODE | |
| Language code of text/sound track or separate title | eng |
| 082 00 - DEWEY DECIMAL CLASSIFICATION NUMBER | |
| Classification number | 551.48 |
| Edition number | 19 |
| Author mark and year | INT 1975 |
| 245 10 - TITLE STATEMENT | |
| Title | Introduction to fluvial processes / |
| Statement of responsibility, etc. | edited by Richard J. Chorley; Contributors: M. A. Carson [and others. |
| 260 ## - PUBLICATION, DISTRIBUTION, ETC. (IMPRINT) | |
| Place of publication, distribution, etc. | London : |
| Name of publisher, distributor, etc. | Methuen, |
| Date of publication, distribution, etc. | c1971 [Reprinted 1975]. |
| 300 ## - PHYSICAL DESCRIPTION | |
| Pagination | xii, 218 p. : |
| Illustrations | illus., maps. ; |
| Size | 23 cm. |
| 350 ## - PRICE (NR) (BK AM CF MU VM SE) [OBSOLETE] | |
| Price | £1.10 |
| 490 0# - SERIES STATEMENT | |
| Series statement | University paperbacks UP 407 |
| 500 ## - GENERAL NOTE | |
| General note | Distributed in the U.S.A. by Barnes and Noble, New York. |
| 504 ## - BIBLIOGRAPHY, ETC. NOTE | |
| Bibliography, etc | "This paperback originally formed part of a larger, composite volume entitled Water, earth and man." |
| Bibliography, etc | Includes bibliographies. |
| 650 #0 - SUBJECT ADDED ENTRY--TOPICAL TERM | |
| Topical term or geographic name as entry element | Hydrology. |
| 9 (RLIN) | 31936 |
| Topical term or geographic name as entry element | Geomorphology. |
| 9 (RLIN) | 32663 |
| Topical term or geographic name as entry element | Erosion. |
| 9 (RLIN) | 32707 |
| 700 1# - ADDED ENTRY--PERSONAL NAME | |
| Personal name | Carson, Michael A. |
| Personal name | Chorley, Richard J. |
| 942 ## - ADDED ENTRY ELEMENTS (KOHA) | |
| Source of classification or shelving scheme | Dewey Decimal Classification |
| Koha item type | Books |
| Lost status | Source of classification or shelving scheme | Damaged status | Not for loan | Permanent Location | Current Location | Shelving location | Date acquired | Source of acquisition | Cost, normal purchase price | Total Checkouts | Full call number | Date last seen | Copy number | Koha item type | Collection code |
|---|---|---|---|---|---|---|---|---|---|---|---|---|---|---|---|
| Dewey Decimal Classification | Central Library, University of Rajshahi | Central Library, University of Rajshahi | 31/12/1980 | Heffers. | 2.80 | 551.48 INT 1975 | 25/01/2014 | C-4 | Books | ||||||
| Dewey Decimal Classification | Central Library, University of Rajshahi | Central Library, University of Rajshahi | 14/01/1975 | Janathan wre and co, london | 120.00 | 551.48 INT 1971 | 18/10/2016 | C-2 | Books | Non-fiction | |||||
| Dewey Decimal Classification | Not For Loan | Central Library, University of Rajshahi | Central Library, University of Rajshahi | Reading Room | 31/12/1980 | Heffers. | 2.80 | 551.48 INT 1975 | 22/11/2018 | C-1 | Books | Non-fiction |